Một số yếu tố văn hoá và giáo dục ảnh hưởng đến sự phát triển làng xã : Từ hướng tiếp cận toàn thể luận Khinh - Trọng /
Các lựa chọn học tập cho phát triển làng xã. Văn hoá và quá trình chuyển đổi cơ cấu lao động nghề nghiệp.
Kaydedildi:
| Yazar: | |
|---|---|
| Diğer Yazarlar: | |
| Materyal Türü: | Kitap |
| Baskı/Yayın Bilgisi: |
Hà Nội :
Thế Giới,
2006.
|
| Konular: | |
| Etiketler: |
Etiketle
Etiket eklenmemiş, İlk siz ekleyin!
|
| Thư viện lưu trữ: | Mạng thư viện Đại học Đà Nẵng |
|---|
| LEADER | 01298nam a22003251a 4500 | ||
|---|---|---|---|
| 001 | 000039258 | ||
| 003 | 15553 | ||
| 005 | 20210429140158.0 | ||
| 008 | 160412s2006 000 | ||
| 020 | |c 54000 | ||
| 040 | |a lnn |c lnn |d lnn | ||
| 041 | 0 | |a Vie | |
| 082 | 0 | |a 306 |b NG-A | |
| 100 | 1 | |a Nguyễn Lâm Tuấn Anh. | |
| 245 | 0 | 7 | |a Một số yếu tố văn hoá và giáo dục ảnh hưởng đến sự phát triển làng xã : |b Từ hướng tiếp cận toàn thể luận Khinh - Trọng / |c Nguyễn Lâm Tuấn Anh, Nguyễn Thị Minh Phương. |
| 260 | |a Hà Nội : |b Thế Giới, |c 2006. | ||
| 300 | |a 354Tr. ; |c 20,5cm. | ||
| 520 | 3 | |a Các lựa chọn học tập cho phát triển làng xã. Văn hoá và quá trình chuyển đổi cơ cấu lao động nghề nghiệp. | |
| 650 | 0 | 4 | |a Văn hoá. |
| 650 | 0 | 4 | |a Giáo dục. |
| 700 | 1 | |a Nguyễn Thị Minh Phương. | |
| OWN | |a LNN | ||
| 902 | |a TKV | ||
| AVA | |a UDN50 |b LNN |d 306 NG-A |e available |t Error 5001 Not defined in file expand_doc_bib_avail. |f 2 |g 0 |h N |i 0 | ||
| 999 | |a From the UDN01 | ||
| AVA | |a UDN50 |b LNN |d 306 NG-A |e available |t Error 5001 Not defined in file expand_doc_bib_avail. |f 2 |g 0 |h N |i 0 | ||
| TYP | |a Monograph | ||
| 980 | |a Mạng thư viện Đại học Đà Nẵng | ||